000 01095nam a2200301 i 4500
001 bg
245 0 0 _aBiaxial/multiaxial fatigue and fracture :
_b6th International Conference, Lisbon, Portugal, 25-28 June 2001 /
_cedts Andrea Carpinteri, Manuel de Freitas, Andrea Spagnoli.
260 _aAmsterdam [etc.] :
_bElsevier,
_ccop. 2003.
300 _aXII, 504 s. :
_bil. ;
_c24 cm.
490 1 _aESIS,
_x1566-1369 ;
_v31
504 _aBibliogr. przy ref. - Indeksy.
650 9 _aPękanie
650 9 _aWytrzymałość materiałów
650 9 _aZmęczenie materiałów
655 _aMateriały konferencyjne
700 1 _aCARPINTERI, Andrea.
_eRed.
700 1 _aDE FREITAS, Manuel.
_eRed.
700 1 _aSPAGNOLI, Andrea.
_eRed.
830 _aESIS,
_x1566-1369 ;
020 _a0080441297
040 _cBPK
041 0 _aeng
080 _a620.17:539.3/.4](061)
920 _a0-08-044129-7
942 _cKS
008 s pl f |000 0 pol
999 _c46510
_d46510
856 _uhttp://koha.tu.koszalin.pl/cgi-bin/koha/opac-detail.pl?biblionumber=46510
_yKatalog online BPK